| 000 | 00958nam a22003257a 4500 | ||
|---|---|---|---|
| 001 | BR0501033 | ||
| 003 | BR-BrBNA | ||
| 005 | 20230928101822.0 | ||
| 007 | ta | ||
| 008 | 230509b bl.||||| |||| 00| 0 por d | ||
| 040 |
_aBR-BrBNA _bpor _cBiblioteca Nacional de Agricultura |
||
| 041 | _a(Por) | ||
| 072 | _aP33; P35 | ||
| 090 | _ P33 BR0501033 | ||
| 100 | 1 | _aOleynik, J. | |
| 100 | 1 | _aBragagnolo, N. | |
| 100 | 1 | _aBublitz, U. | |
| 100 | 1 | _aSilva, J.C.C. da | |
| 110 | 1 |
_aEmpresa de Assistência Técnica e Extensão Rural do Paraná, Curitiba (Brasil) _94050 |
|
| 245 | 1 | _aAnálise de solo; tabelas para transformação de resultados analíticos e interpretação de resultados | |
| 250 | 1 | _a3. ed. | |
| 260 | 3 |
_aCuritiba, PR (Brasil): _c2004. |
|
| 300 | _a62 p. | ||
| 650 | _aANÁLISE DO SOLO | ||
| 650 | _aFERTILIDADE DO SOLO | ||
| 650 | _aNUTRIENTE MINERAL | ||
| 650 | _aSUL | ||
| 909 |
_a202309 _bLucia _c55 _dLucia Elande |
||
| 942 | _cBK | ||
| 999 |
_c67734 _d67734 |
||